Reglamentación de la Ley Bases. El Sistema de Cese Laboral y la indemnización por despido injustificado / (Registro nro. 5319)
[ vista simple ]
| 000 -LEADER | |
|---|---|
| fixed length control field | 01242nab a22002297a 4500 |
| 003 - CONTROL NUMBER IDENTIFIER | |
| control field | OSt |
| 005 - DATE AND TIME OF LATEST TRANSACTION | |
| control field | 20260115184435.0 |
| 008 - FIXED-LENGTH DATA ELEMENTS--GENERAL INFORMATION | |
| fixed length control field | 190605e xxu||||| |||| 00| 0 spa d |
| 040 ## - CATALOGING SOURCE | |
| Transcribing agency | PJ |
| 100 ## - MAIN ENTRY--PERSONAL NAME | |
| 9 (RLIN) | 6367 |
| Personal name | Balbín, A. Nicolás |
| 245 10 - TITLE STATEMENT | |
| Title | Reglamentación de la Ley Bases. El Sistema de Cese Laboral y la indemnización por despido injustificado /<br/> |
| Statement of responsibility, etc | A. Nicolás Balbín. |
| 300 ## - PHYSICAL DESCRIPTION | |
| Extent | p. 5-14 |
| 500 ## - GENERAL NOTE | |
| General note | Cita Online: AR/DOC/3128/2024. |
| 505 ## - FORMATTED CONTENTS NOTE | |
| Formatted contents note | Sumario: I. Introducción.— II. La indemnización por despido injustificado antes de Bases: análisis elemental.— III. Los nuevos institutos creados y alguna de sus características.— IV. Apreciaciones acerca de los institutos incorporados en la reglamentación de Bases, respecto a la indemnización del art. 245 de la LCT.— V. Palabras finales<br/><br/> |
| 505 ## - FORMATTED CONTENTS NOTE | |
| Title | ¿Te interesa el texto completo? Solicitalo al correo: koha@justierradelfuego.gov.ar<br/> |
| 650 #0 - SUBJECT ADDED ENTRY--TOPICAL TERM | |
| 9 (RLIN) | 1316 |
| Topical term or geographic name as entry element | DERECHO LABORAL |
| 650 #0 - SUBJECT ADDED ENTRY--TOPICAL TERM | |
| 9 (RLIN) | 1323 |
| Topical term or geographic name as entry element | CONTRATO DE TRABAJO |
| 650 #0 - SUBJECT ADDED ENTRY--TOPICAL TERM | |
| 9 (RLIN) | 1533 |
| Topical term or geographic name as entry element | DESPIDO |
| 650 #0 - SUBJECT ADDED ENTRY--TOPICAL TERM | |
| 9 (RLIN) | 1534 |
| Topical term or geographic name as entry element | INDEMNIZACION POR DESPIDO |
| 773 0# - HOST ITEM ENTRY | |
| Host Biblionumber | 2711 |
| Host Itemnumber | 3168 |
| Place, publisher, and date of publication | Ciudad Autónoma de Buenos Aires : Thomson Reuters La Ley, 1999-2002. |
| Title | Revista de derecho del trabajo. Nº 1 - Enero 2025 |
| 942 ## - ADDED ENTRY ELEMENTS (KOHA) | |
| Source of classification or shelving scheme | |
| Koha item type | Analítica Artículo de Revista |
No hay ítems disponibles.
